Word Ladder: 30 Seconds in Spanish Quiz Stats

 Plays Quiz Updated Sep 20, 2014

Score 0/10 Timer 00:30
2 Plays Today
Hint 4-Letter Word % Correct
Spanish for threeTRES
97.1%
Person between ages 13 and 19 (inclusive)TEEN
87.7%
Kelly Clarkson's 'Since U ___ Gone'BEEN
86%
Where golf balls are putTEES
77.9%
Capital of SwitzerlandBERN
72.4%
Ripped, as in paperTORN
67.3%
Having a certain quality from birthBORN
65.7%
A seabird related to seagullsTERN
47.6%
Spanish for zeroCERO
37.5%
European laboratory that discovered the Higgs BosonCERN
29.7%

Today's Daily Dose

You're not logged in!

Compare scores with friends on all Sporcle quizzes.
OR
Log In

Sporcle TV

Today on Sporcle TV


Watch our educational content, quiz creation guides, and fun videos on Sporcle TV.

Show Comments

Extras

Top Quizzes Today


Score Distribution

Your Account Isn't Verified!

In order to create a playlist on Sporcle, you need to verify the email address you used during registration. Go to your Sporcle Settings to finish the process.

Report this User

Report this user for behavior that violates our Community Guidelines.

Details: